| 000 | 00828cam a2200289 a 4500 | ||
|---|---|---|---|
| 999 |
_c2434 _d2434 |
||
| 001 | 2434 | ||
| 003 | BD-JhCC | ||
| 005 | 20171106173303.0 | ||
| 008 | 020607s1998 bg | |||| ||eng| | ||
| 020 | _a9840513907 | ||
| 020 | _a0195779339 | ||
| 029 | _aR0138 | ||
| 035 | _a(BD-JhCC)2434 | ||
| 040 |
_aBDS _dBD-JhCC |
||
| 041 | _aeng | ||
| 082 |
_222 _a909.82 _bCLA 2003 |
||
| 245 | 0 | 5 |
_a"The clash of civilizations?" : _bAsian responses / _cedited by Salim Rashid. |
| 260 |
_aDhaka : _bUniversity Press, _c1997. |
||
| 300 |
_axiv,158p ; _c22cm. |
||
| 600 | 1 | 0 |
_aHuntington, Samuel P. _tClash of civilizations and the remaking of world order. |
| 650 | 0 |
_aWorld politics _y1989- |
|
| 650 | 0 | _aPost-communism. | |
| 650 | 0 | _aCivilization, Modern | |
| 700 | 1 |
_aRashid, Salim, _d1949- |
|
| 942 |
_2ddc _cBK |
||